00369nam a2200157Ia 4500008004100000020001500041041001200056082001100068100001700079245003400096250001100130260002800141300000800169650001700177700001700194221030s9999 xx 000 0 und d a9971512521 aEnglish a105.23 aJ. L. Meriam 0aEngineering Mechanics Statics aFourth bJohn Wiley & Sonsc1999 a524 aBB Mechanics aL. G. Kraige